Ghanaianisms : (Record no. 1958)
[ view plain ]
| 000 -LEADER | |
|---|---|
| fixed length control field | 00595cam a2200181 a 4500 |
| 001 - CONTROL NUMBER | |
| control field | 13424028 |
| 005 - DATE AND TIME OF LATEST TRANSACTION | |
| control field | 20241204184649.0 |
| 008 - FIXED-LENGTH DATA ELEMENTS--GENERAL INFORMATION | |
| fixed length control field | 031027s2003 gh bd f000 0 eng |
| 020 ## - INTERNATIONAL STANDARD BOOK NUMBER | |
| International Standard Book Number | 9964303017 |
| 050 00 - LIBRARY OF CONGRESS CALL NUMBER | |
| Classification number | PE3442.G5 |
| Item number | D35 2003 |
| 082 00 - DEWEY DECIMAL CLASSIFICATION NUMBER | |
| Classification number | 427/.9667/03 |
| Edition information | 22 |
| 100 1# - MAIN ENTRY--PERSONAL NAME | |
| Personal name | Dako, Kari. |
| 245 10 - TITLE STATEMENT | |
| Title | Ghanaianisms : |
| Remainder of title | a glossary / |
| Statement of responsibility, etc. | Kari Dako. |
| 260 ## - PUBLICATION, DISTRIBUTION, ETC. | |
| Place of publication, distribution, etc. | Accra : |
| Name of publisher, distributor, etc. | Ghana Universities Press ; |
| Place of publication, distribution, etc. | Oxford, UK : |
| Name of publisher, distributor, etc. | Distributed in Europe and North America by African Books Collective, |
| Date of publication, distribution, etc. | 2003. |
| 300 ## - PHYSICAL DESCRIPTION | |
| Extent | 234 p. ; |
| Dimensions | 23 cm. |
| 650 #0 - SUBJECT ADDED ENTRY--TOPICAL TERM | |
| Topical term or geographic name entry element | English language |
| Geographic subdivision | Ghana |
| Form subdivision | Dictionaries. |
| 942 ## - ADDED ENTRY ELEMENTS (KOHA) | |
| Source of classification or shelving scheme | Library of Congress Classification |
| Koha item type | Books |
| Suppress in OPAC | No |
| 999 ## - | |
| -- | 1958 |
| -- | 1958 |
| Withdrawn status | Lost status | Source of classification or shelving scheme | Damaged status | Not for loan | Collection | Home library | Current library | Shelving location | Date acquired | Total checkouts | Full call number | Barcode | Date last seen | Copy number | Price effective from | Koha item type |
|---|---|---|---|---|---|---|---|---|---|---|---|---|---|---|---|---|
| Library of Congress Classification | Non-fiction | Undergraduate Library (Christ Temple) | Undergraduate Library (Christ Temple) | General stacks | 12/04/2024 | PE 3442.G5.D35 | ulct00000503 | 12/04/2024 | 1 | 12/04/2024 | Books | |||||
| Library of Congress Classification | Non-fiction | Undergraduate Library (Christ Temple) | Undergraduate Library (Christ Temple) | General stacks | 12/04/2024 | PE 3442.G5.D35 | ulct00000504 | 12/04/2024 | 2 | 12/04/2024 | Books | |||||
| Library of Congress Classification | Non-fiction | Undergraduate Library (Christ Temple) | Undergraduate Library (Christ Temple) | General stacks | 12/04/2024 | PE 3442.G5.D35 | ulct00000505 | 12/04/2024 | 3 | 12/04/2024 | Books | |||||
| Library of Congress Classification | Non-fiction | Undergraduate Library (Christ Temple) | Undergraduate Library (Christ Temple) | General stacks | 12/04/2024 | PE 3442.G5.D35 | ulct00000506 | 12/04/2024 | 4 | 12/04/2024 | Books |